<?xml version="1.0" encoding="UTF-8"?>
<record
    xmlns:xsi="http://www.w3.org/2001/XMLSchema-instance"
    xsi:schemaLocation="http://www.loc.gov/MARC21/slim http://www.loc.gov/standards/marcxml/schema/MARC21slim.xsd"
    xmlns="http://www.loc.gov/MARC21/slim">

  <leader>00614nam a2200229Ia 4500</leader>
  <controlfield tag="005">20250519112822.0</controlfield>
  <controlfield tag="008">230125s9999    xx            000 0 und d</controlfield>
  <datafield tag="020" ind1=" " ind2=" ">
    <subfield code="a">978-93-5142-682-0</subfield>
  </datafield>
  <datafield tag="041" ind1=" " ind2=" ">
    <subfield code="a">eng</subfield>
  </datafield>
  <datafield tag="082" ind1=" " ind2=" ">
    <subfield code="a">174.4</subfield>
    <subfield code="b">CHA/SIN</subfield>
  </datafield>
  <datafield tag="100" ind1=" " ind2=" ">
    <subfield code="a">Chattopadhyay S</subfield>
    <subfield code="9">118564</subfield>
  </datafield>
  <datafield tag="245" ind1=" " ind2=" ">
    <subfield code="a">Ethics and Values for Engineers and Managers</subfield>
  </datafield>
  <datafield tag="250" ind1=" " ind2=" ">
    <subfield code="a">1st Ed.</subfield>
  </datafield>
  <datafield tag="260" ind1=" " ind2=" ">
    <subfield code="c">2017</subfield>
    <subfield code="b">Himalaya Publishing House</subfield>
    <subfield code="a">Mumbai</subfield>
  </datafield>
  <datafield tag="300" ind1=" " ind2=" ">
    <subfield code="a">366p</subfield>
  </datafield>
  <datafield tag="650" ind1=" " ind2=" ">
    <subfield code="a">Business ethics</subfield>
  </datafield>
  <datafield tag="700" ind1=" " ind2=" ">
    <subfield code="a">Chattopadhyay S &amp; Singh S</subfield>
    <subfield code="9">118565</subfield>
  </datafield>
  <datafield tag="906" ind1=" " ind2=" ">
    <subfield code="b">106.25</subfield>
  </datafield>
  <datafield tag="942" ind1=" " ind2=" ">
    <subfield code="c">BK</subfield>
  </datafield>
  <datafield tag="999" ind1=" " ind2=" ">
    <subfield code="c">96643</subfield>
    <subfield code="d">96643</subfield>
  </datafield>
  <datafield tag="500" ind1=" " ind2=" ">
    <subfield code="a">Business Ethics</subfield>
  </datafield>
  <datafield tag="952" ind1=" " ind2=" ">
    <subfield code="0">0</subfield>
    <subfield code="1">0</subfield>
    <subfield code="4">0</subfield>
    <subfield code="7">0</subfield>
    <subfield code="a">HIMR</subfield>
    <subfield code="b">HIMR</subfield>
    <subfield code="d">2021-03-12</subfield>
    <subfield code="e">Forward Books</subfield>
    <subfield code="g">425.00</subfield>
    <subfield code="i">11378</subfield>
    <subfield code="l">0</subfield>
    <subfield code="o">174.4 CHA/SIN B21415</subfield>
    <subfield code="p">HIMR-BK-21415</subfield>
    <subfield code="r">2023-01-25 00:00:00</subfield>
    <subfield code="v">318.75</subfield>
    <subfield code="w">2021-03-12</subfield>
    <subfield code="y">BK</subfield>
    <subfield code="z">B21415</subfield>
  </datafield>
  <datafield tag="952" ind1=" " ind2=" ">
    <subfield code="0">0</subfield>
    <subfield code="1">0</subfield>
    <subfield code="4">0</subfield>
    <subfield code="7">0</subfield>
    <subfield code="a">HIMR</subfield>
    <subfield code="b">HIMR</subfield>
    <subfield code="d">2021-03-12</subfield>
    <subfield code="e">Forward Books</subfield>
    <subfield code="g">425.00</subfield>
    <subfield code="i">11378</subfield>
    <subfield code="l">0</subfield>
    <subfield code="o">174.4 CHA/SIN B21416</subfield>
    <subfield code="p">HIMR-BK-21416</subfield>
    <subfield code="r">2023-01-25 00:00:00</subfield>
    <subfield code="v">318.75</subfield>
    <subfield code="w">2021-03-12</subfield>
    <subfield code="y">BK</subfield>
    <subfield code="z">B21416</subfield>
  </datafield>
</record>
